000 00291nam a22001337a 4500
008 181217b xxu||||| |||| 00| 0 eng d
020 _a9781401935436
041 _aeng
080 _a574
100 _a9
101 _aMJE
245 _aThe Body Ecology Diet
_cGates.D
942 _2udc
_cBK
999 _c53155
_d53155